000 00322nam a2200109Ia 4500
008 180219s9999 xx 000 0 und d
020 _a9715131700
100 _aPalaganas, Erlinda Castro
245 _aHealth care practice in the community /
260 _aErmita City
_bEducational publishing
_c2003
300 _ai, 454 pages
999 _c355931
_d355931